|
|
|
|
| LEADER |
01740nam a2200385 a 4500 |
| 001 |
EBC564996 |
| 003 |
MiAaPQ |
| 005 |
20200520144314.0 |
| 006 |
m o d | |
| 007 |
cr cn||||||||| |
| 008 |
100218s2010 cauad sb 001 0 eng d |
| 010 |
|
|
|z 2010005160
|
| 020 |
|
|
|z 9780470750117 (cloth)
|
| 020 |
|
|
|a 9780470660904 (electronic bk.)
|
| 035 |
|
|
|a (MiAaPQ)EBC564996
|
| 035 |
|
|
|a (Au-PeEL)EBL564996
|
| 035 |
|
|
|a (CaPaEBR)ebr10469646
|
| 035 |
|
|
|a (CaONFJC)MIL293948
|
| 035 |
|
|
|a (OCoLC)700687397
|
| 040 |
|
|
|a MiAaPQ
|c MiAaPQ
|d MiAaPQ
|
| 050 |
|
4 |
|a HD31
|b .B57 2010
|
| 082 |
0 |
4 |
|a 658.4/012
|2 22
|
| 100 |
1 |
|
|a Birkinshaw, Julian M.
|
| 245 |
1 |
0 |
|a Reinventing management
|h [electronic resource] :
|b smarter choices for getting work done /
|c Julian Birkinshaw.
|
| 260 |
|
|
|a San Francisco, Calif. :
|b Jossey-Bass,
|c 2010.
|
| 300 |
|
|
|a xviii, 295 p. :
|b ill.
|
| 504 |
|
|
|a Includes bibliographical references and index.
|
| 505 |
0 |
|
|a Why management failed -- What's your management model? -- Coordinating activities: from bureaucracy to emergence -- Making decisions : from hierarchy to collective wisdom -- Setting objectives: from alignment to obliquity -- Motivating employees : from extrinsic to intrinsic motivation -- Four models of management -- The change agent's agenda -- The leader's agenda.
|
| 533 |
|
|
|a Electronic reproduction. Ann Arbor, MI : ProQuest, 2015. Available via World Wide Web. Access may be limited to ProQuest affiliated libraries.
|
| 650 |
|
0 |
|a Management.
|
| 650 |
|
0 |
|a Organizational change.
|
| 650 |
|
0 |
|a Strategic planning.
|
| 655 |
|
4 |
|a Electronic books.
|
| 710 |
2 |
|
|a ProQuest (Firm)
|
| 856 |
4 |
0 |
|u https://ebookcentral.proquest.com/lib/matrademy/detail.action?docID=564996
|z Click to View
|